पत्रप्रिया : (Record no. 1435573)

MARC details
000 -LEADER
fixed length control field 01324 a2200265 4500
005 - DATE AND TIME OF LATEST TRANSACTION
control field 20251128114628.0
008 - FIXED-LENGTH DATA ELEMENTS--GENERAL INFORMATION
fixed length control field 251128b |||||||| |||| 00| 0 eng d
020 ## - INTERNATIONAL STANDARD BOOK NUMBER
International Standard Book Number 9789385538537 (hbk)
037 ## - SOURCE OF ACQUISITION
Terms of availability TB
040 ## - CATALOGING SOURCE
Original cataloging agency CRL
Transcribing agency CRL
041 ## - LANGUAGE CODE
Source of code hin
Language code of text/sound track or separate title hin
Language code of original san
084 ## - COLON CLASSIFICATION NUMBER
Classification number O15,4N54x 152R0
Assigning agency CRL
100 ## - MAIN ENTRY--PERSONAL NAME
Personal name मिश्र, प्रफुल्लकुमार
9 (RLIN) 821586
245 ## - TITLE STATEMENT
Title पत्रप्रिया :
Remainder of title संस्कृत पत्रकथा - संग्रह
260 ## - PUBLICATION, DISTRIBUTION, ETC.
Place of publication, distribution, etc. दिल्ली, भारत:
Name of publisher, distributor, etc. ज्ञानभारती पब्लिकेशन्स,
Date of publication, distribution, etc. 2020.
300 ## - PHYSICAL DESCRIPTION
Extent 135पृ.
365 ## - TRADE PRICE
Price amount 495.00
Currency code INR
546 ## - LANGUAGE NOTE
Language note Translated from Sanskrit to Hindi
650 ## - SUBJECT ADDED ENTRY--TOPICAL TERM
Topical term or geographic name entry element संस्कृत साहित्य
9 (RLIN) 853449
650 ## - SUBJECT ADDED ENTRY--TOPICAL TERM
Topical term or geographic name entry element संस्कृत पत्र
9 (RLIN) 853450
700 ## - ADDED ENTRY--PERSONAL NAME
Personal name शुक्ल, राधेश्याम
Relator term अनुवादक
9 (RLIN) 853451
700 ## - ADDED ENTRY--PERSONAL NAME
Personal name मिश्रा, प्रमिता
Relator term अनुवादक
9 (RLIN) 853452
942 ## - ADDED ENTRY ELEMENTS (KOHA)
Koha item type Textbook
Source of classification or shelving scheme Colon Classification (CC)
Suppress in OPAC No
Classification part O15,4N54x 152R0
Holdings
Withdrawn status Lost status Source of classification or shelving scheme Damaged status Not for loan Home library Current library Date acquired Source of acquisition Cost, normal purchase price Inventory number Total Checkouts Full call number Barcode Date last seen Cost, replacement price Price effective from Koha item type
    Colon Classification (CC)     Central Library Central Library 2025-11-03 82/ प्रतिभा प्रकाशन 396.00 181 & 2025-10-28   O15,4N54x 152R0 CL1924435 2025-11-03 495.00 2025-11-03 Textbook
Copyright @ Delhi University Library System